| 000 | 00333pam a2200121a 44500 | ||
|---|---|---|---|
| 008 | 230405s2006 xxu||||| |||| 00| 0 eng d | ||
| 041 | _aENG | ||
| 100 | _aCOULSON / RICHARDSON | ||
| 245 | _aCOULSON & RICHARDSONS CHEMICAL ENGINEERING VOL- I | ||
| 260 |
_aNEW YORK _bJOHN WILLY & SONS NEW YORK _c2006 |
||
| 300 | _a895 | ||
| 906 | _a3972 | ||
| 999 |
_c279243 _d279243 |
||